Κατάλογος Βιβλιοθηκών Mediterranean College

Σχεδιασμός και Υλοποίηση Στρατηγικής των Επιχειρήσεων (Record no. 8287)

MARC details
000 -LEADER
fixed length control field 02820cam a22003014a 4500
005 - ΗΜΕΡΟΜΗΝΙΑ ΚΑΙ ΩΡΑ ΤΕΛΕΥΤΑΙΑΣ ΕΝΗΜΕΡΩΣΗΣ
Πεδίο ελέγχου 20250605164332.0
008 - FIXED-LENGTH DATA ELEMENTS--GENERAL INFORMATION
Πεδίο ελέγχου σταθερού μήκους 250528s ||||||||||||||||||||||||d
035 ## - SYSTEM CONTROL NUMBER
System control number 23258
020 ## - ISBN
ISBN 9786188129801
040 ## - ΠΗΓΗ ΚΑΤΑΛΟΓΟΓΡΑΦΗΣΗΣ
Φορέας πρωτότυπης καταλογογράφησης MC Athens Campus Library
Γλώσσα καταλογογράφησης Ελληνικά, Μοντέρνα (1453-)
Modifying agency MC Athens Campus Library
Κανόνες περιγραφικής καταλογογράφησης AACR2
245 1# - ΤΙΤΛΟΣ ΚΑΙ ΔΗΛΩΣΗ ΥΠΕΥΘΥΝΟΤΗΤΑΣ
Τίτλος Σχεδιασμός και Υλοποίηση Στρατηγικής των Επιχειρήσεων
250 ## - EDITION STATEMENT
Edition statement
260 ## - PUBLICATION, DISTRIBUTION, ETC.
Name of publisher, distributor, etc. Utopia,
Date of publication, distribution, etc. 2017
300 ## - PHYSICAL DESCRIPTION
Extent 282
520 ## - SUMMARY, ETC.
Summary, etc. 20η Αμερικανική Έκδοση. Έννοιες και Τεχνικές Σχεδιασμού και Υλοποίησης Στρατηγικής, Τι Είναι η Στρατηγική και Γιατί Είναι Σημαντική, Χάραξη της Κατεύθυνσης μιάς Εταιρείας - το Όραμα της - η Αποστολή της - οι Στόχοι της και η Στρατηγικής της, Αξιολόγηση του Εξωτερικού Περιβάλλοντος μιας Εταιρείας, Αξιολόγηση των Πόρων και των Ικανοτήτων και της Ανταγωνιστικής Θέσης μιας Εταιρείας, Οι Πέντε Γενικές Στρατηγικές Ανταγωνισμού, Ενίσχυση της Στρατηγικής Θέσης της Εταιρείας και οι Στρατηγικές Κινήσεις και η Επιλογή του Χρόνου και το Φάσμα Λειτουργιών, Στρατηγικές Ανταγωνισμού στις Διεθνείς Αγορές, Εταιρική Στρατηγική και η Διαφοροποίησησ και η Πολυεπιχείρηση, Ηθική και Εταιρική Κοινωνική Ευθύνη και η Περιβαλλοντική Βιωσιμότητα και Στρατηγική, Οικοδόμηση Ενός Οργανισμού Ικανού να Υλοποιήσει Καλά τη Στρηγική - Άνθρωποι και Δυνατότητες και Δομή, Διοίκηση Εσωτερικών Λειτουργιών και Δράσεις που Προάγουν τη Σωστή Υλοποίηση της Στρατηγικής, Εταιρική Κουλτούρα και Ηγεσία - Κλειδιά για τη Σωστή Υλοποίηση της Στρατηγικής.
700 1# - ΠΡΟΣΘΕΤΗ ΑΝΑΓΡΑΦΗ--ΦΥΣΙΚΟ ΠΡΟΣΩΠΟ
Personal name Gamble John E
9 (RLIN) 7889
700 1# - ΠΡΟΣΘΕΤΗ ΑΝΑΓΡΑΦΗ--ΦΥΣΙΚΟ ΠΡΟΣΩΠΟ
Personal name Peteraf Margaret A
9 (RLIN) 8738
700 1# - ΠΡΟΣΘΕΤΗ ΑΝΑΓΡΑΦΗ--ΦΥΣΙΚΟ ΠΡΟΣΩΠΟ
Personal name Strickland A.J
9 (RLIN) 1600
700 1# - ΠΡΟΣΘΕΤΗ ΑΝΑΓΡΑΦΗ--ΦΥΣΙΚΟ ΠΡΟΣΩΠΟ
Personal name Thompson Arthur
9 (RLIN) 1601
700 1# - ΠΡΟΣΘΕΤΗ ΑΝΑΓΡΑΦΗ--ΦΥΣΙΚΟ ΠΡΟΣΩΠΟ
Personal name Δρυμπέτας Ευάγγελος
9 (RLIN) 5409
700 1# - ΠΡΟΣΘΕΤΗ ΑΝΑΓΡΑΦΗ--ΦΥΣΙΚΟ ΠΡΟΣΩΠΟ
Personal name Κίτσιος Φώτιος
9 (RLIN) 8844
700 1# - ΠΡΟΣΘΕΤΗ ΑΝΑΓΡΑΦΗ--ΦΥΣΙΚΟ ΠΡΟΣΩΠΟ
Personal name Κωνσταντόπουλος Νικόλαος
9 (RLIN) 8845
700 1# - ΠΡΟΣΘΕΤΗ ΑΝΑΓΡΑΦΗ--ΦΥΣΙΚΟ ΠΡΟΣΩΠΟ
Personal name Μυλώνη Βαρβάρα
9 (RLIN) 8846
700 1# - ΠΡΟΣΘΕΤΗ ΑΝΑΓΡΑΦΗ--ΦΥΣΙΚΟ ΠΡΟΣΩΠΟ
Personal name Πολλάκης Γιάννης Α
9 (RLIN) 8176
942 ## - ADDED ENTRY ELEMENTS (KOHA)
Koha item type Books
Holdings
Τύπος τεκμηρίου Βιβλιοθήκη Τρέχουσα τοποθεσία Barcode Αριθμός εισαγωγής Ημερομηνία απόκτησης Ταξιθετικό σύμβολο Αριθμός αντιτύπου Κατάσταση απόσυρσης Κατάσταση χαμένου Κατάσταση κατεστραμμένου Μη δανεισμός Σύνολο δανεισμών Ημερομηνία τελευταίας εμφάνισης Η τιμή ισχύει από
Books MC Athens Campus Library MC Athens Campus Library 9780000082862 7526 05/06/2025 658.4012 POL 1           05/06/2025 05/06/2025

MC Athens Campus Library
Πατησίων 94 & Κοδριγκτώνος 13, 104 34
Πελλήνης 8 & Πατησίων 107, 112 51
Τ: +30 210 8899600

MC Thessaloniki Campus Library
Ίωνος Δραγούμη 21, 54625 | Ίωνος Δραγούμη 15, 54625
Τ: +30 2310 287779 – Τ: +30 2314 440300